000 00377nam a2200133Ia 4500
008 191014s9999 xx 000 0 und d
020 _a0-201-10088-6
082 _a05.453
_bAHO
100 _aAlfred V.Aho Ravi Sethi Jeffrey D. Ullman
_920503
245 0 _aCompilers Principles Techniques and Tools
260 _aIndia
_bAddison Wesley
_c1999
300 _aX,795
942 _cBK
999 _c531093
_d531093